<The> origins of alliances
Enregistré dans:
| Auteur principal: | |
|---|---|
| Format: | Livre |
| Langue: | anglais |
| Publié: |
Ithaca
Cornell University Press
1987
|
| Collection: | Cornell studies in security affairs
|
| Sujets: | |
| Tags: |
Pas de tags, Soyez le premier à ajouter un tag!
|
MARC
| LEADER | 00000nam a2200000 4500 | ||
|---|---|---|---|
| 001 | 0173888 | ||
| 005 | 20240111123231.3 | ||
| 020 | |a 978-0-8014-9418-5 | ||
| 041 | 0 | |a eng | |
| 044 | |a US | ||
| 245 | 1 | 0 | |a <The> origins of alliances |c Stephen M. Walt |
| 264 | 1 | |a Ithaca |b Cornell University Press |c 1987 | |
| 300 | |a 321 s. | ||
| 490 | 1 | |a Cornell studies in security affairs | |
| 830 | 0 | |a Cornell studies in security affairs | |
| 610 | 2 | 0 | |a politika medzinárodná |
| 610 | 2 | 0 | |a vzťahy zahraničné |
| 610 | 2 | 0 | |a zbrojenie |
| 610 | 2 | 0 | |a vojny |
| 610 | 2 | 0 | |a aliancie strategické |
| 610 | 2 | 0 | |a diplomacia |
| 610 | 2 | 0 | |a Stredný východ |
| 100 | 1 | |a Walt, Stephen M. | |